RWBY Semblances - Statistics

General Stats
  • This quiz has been taken 25 times
  • The average score is 15 of 28
Answer Stats
Character Semblance % Correct
Pyrrha Nikos Polarity
90%
Blake Belladonna Shadow
90%
Weiss Schnee Glyphs
86%
Winter Schnee Glyphs
86%
Yang Xiao Long Burn
81%
Qrow Branwen Misfortune
81%
Jaune Arc Aura Amp
76%
Ruby Rose Petal Burst
76%
Clover Ebi Good Fortune
62%
Neopolitan/Neo Overactive imagination
62%
Raven Branwen Kindred Link
57%
James Ironwood Mettle
52%
Adam Taurus Moonslice
48%
Glynda Goodwitch Telekinesis
48%
Sun Wukong Via Sun
48%
Velvet Scarlatina Photographic Memory
43%
Maria Calavera Preflexes
43%
Harriet Bree Super Speed
43%
Lie Ren Tranquility
43%
Elm Ederne Aura Roots
38%
Vine Zeki Aura Vines
38%
Emerald Sustrai Hallucinations
38%
Cinder Fall Scorching Caress
38%
Marrow Amin Freeze
33%
Nora Valkyrie High Voltage
33%
Hazel Rainart Numbing Agent
33%
Tyrian Callows Aura Disruption
29%
Robyn Hill Lie Detection
29%
No matching quizzes found
Score Distribution
Percent of People with Each Score
Percentile by Number Answered
Your Score History
You have not taken this quiz